Využitie kalkulácií podľa čiastkových činností (ABC) diplomová práca

Gespeichert in:
Bibliographische Detailangaben
1. Verfasser: Kotrady, Matúš
Körperschaft: Podnikovohospodárska fakulta EU so sídlom v Košiciach. Katedra účtovníctva a financií
Weitere Verfasser: Neufeld, Juraj, 1946-
Format: Buch
Sprache:Slowakisch
Veröffentlicht: Košice 2013
Tags: Tag hinzufügen
Keine Tags, Fügen Sie das erste Tag hinzu!

MARC

LEADER 00000nbm a2200000 4500
001 0170370
005 20161109102341.0
041 0 |a slo 
044 |a SK 
245 1 0 |a Využitie kalkulácií podľa čiastkových činností (ABC)  |b diplomová práca  |c Matúš Kotrady ; školiteľ: Juraj Neufeld 
264 1 |a Košice  |c 2013 
300 |a 71 s. 
100 1 |a Kotrady, Matúš 
700 1 |a Neufeld, Juraj, 1946- 
710 2 |a Podnikovohospodárska fakulta EU so sídlom v Košiciach. Katedra účtovníctva a financií